| 000 | 01640nam a2200409 i 4500 | ||
|---|---|---|---|
| 001 | 30101 | ||
| 003 | FINmELB | ||
| 005 | 20241216220539.0 | ||
| 006 | m o d | | ||
| 007 | cr cnu|||||||| | ||
| 008 | 171130s2014 sp o 001 0 spa d | ||
| 020 |
_a9788430961542 _q(e-book) |
||
| 035 | _a(OCoLC)1145085458 | ||
| 040 |
_aFINmELB _bspa _erda _cFINmELB |
||
| 050 | 4 |
_aKJE5132 _bM353 2014 |
|
| 080 | _a342.7 | ||
| 082 | 0 |
_a341.48094 _223 |
|
| 100 | 1 | _aMarín Aís, J. Rafael. | |
| 245 | 1 | 3 |
_aLa participación de la Unión Europea en tratados internacionales para la protección de los derechos humanos / _cJ. Rafael Marín Aís. |
| 264 | 1 |
_aMadrid : _bEditorial Tecnos, _c2014. |
|
| 300 | _a1 recurso en línea (217 páginas sin numerar) | ||
| 336 |
_atexto _btxt _2rdacontent/spa |
||
| 337 |
_acomputadora _bc _2rdamedia/spa |
||
| 338 |
_arecurso en línea _bcr _2rdacarrier/spa |
||
| 500 | _aIncluye índice. | ||
| 588 | _aDescripción basada en metadatos suministrados por el editor y otras fuentes. | ||
| 590 | _aRecurso electrónico. Santa Fe, Arg.: elibro, 2020. Disponible vía World Wide Web. El acceso puede estar limitado para las bibliotecas afiliadas a elibro. | ||
| 650 | 0 |
_aHuman rights _xInternational cooperation. |
|
| 650 | 4 |
_aDerechos humanos _xCooperación internacional. |
|
| 650 | 0 |
_aHuman rights _zEuropean Union countries. |
|
| 650 | 4 |
_aDerechos humanos _zPaíses de la Unión Europea. |
|
| 655 | 4 | _aLibros electrónicos. | |
| 797 | 2 | _aelibro, Corp. | |
| 856 | 4 | 0 | _uhttps://elibro.net/ereader/politecnicointernacional/115760 |
| 999 |
_c30101 _d30101 |
||